Statistics for States That Were Once the Largest by Area in the Union

Click here to take the quiz!

General Stats

  • This quiz has been taken 36 times
  • The average score is 8 of 10

Answer Stats

Period State was LargestState% Correct
1/3/1959-PresentAlaska
94%
3/30/1870-1/3/1959Texas
94%
12/29/1845-3/2/1861Texas
94%
3/2/1861-3/30/1870California
91%
12/12/1787-1/2/1788Pennsylvania
82%
4/26/1802-8/10/1821Virginia
76%
12/7/1787-12/12/1787Delaware
67%
1/2/1788-4/26/1802Georgia
61%
1/26/1834-12/29/1845Michigan
55%
8/10/1821-1/26/1834Missouri
45%

Score Distribution

Percentile by Number Answered

Percent of People with Each Score

Your Score History

You have not taken this quiz